000 00437nam a2200193Ia 4500
008 170918s9999 xx 000 0 und d
020 _a9780590020435
050 _bR456 1941
100 _aRey, H. A.
245 _aCurious George /
245 _cH. A. Rey.
260 _aNew York :
260 _bScholastic,
260 _c1941
300 _a46 pages :
300 _bcolored illustration ;
300 _c23cm.
500 _a590
999 _c341562
_d341562